| 000 | 00389nam a22001697a 4500 | ||
|---|---|---|---|
| 003 | OSt | ||
| 005 | 20211126090857.0 | ||
| 008 | 211126b |||||||| |||| 00| 0 eng d | ||
| 020 | _a047137606 | ||
| 040 | _cHU | ||
| 082 | _a657.044 | ||
| 100 |
_aKIESO DONALD E. _920661 |
||
| 245 | _aINTERMEDIATE ACCOUNTING | ||
| 260 |
_aAMERICA _blnc _c2001 |
||
| 300 | _a1432 | ||
| 942 |
_2ddc _cBOOKS _n0 |
||
| 999 |
_c20271 _d20271 |
||